00605nam a2200193Ia 450000500170000000800410001704000190005804100120007708200190008910000280010824500830013626000440021930000150026350400400027865000190031865100440033770000200038185000100040120221126094854.0131103s9999 xx 000 0 und d aLoreto College aEnglish a821.8bHOP-IYE aIynger, K. R. Srinivasa aGerard Manley HopkinscK. R. Srinivasa Iynger; with foreword by Jerome D'Souza aGeofferybOxford University Pressc1948 axv,194 p.  aIncludes bibliographical references aEnglish Poetry aHopkins, Gerard Manley - Critical Study aD'Souza, Jerome aLCLIC